[Event "Tourn. n8549"]
[Site "www.chess-mail.com"]
[Date "2016.02.28"]
[Round "1"]
[White "Xkafi"]
[Black "Sfalcao"]
[WhiteElo "2010"]
[BlackElo "2050"]
[Result "1-0"]
[Round "1"]
1.e4 c5
2.Bf1c4 e6
3.d4 cxd4
4.Qd1xd4 Nb8c6
5.Qd4e3 Bf8e7
6.Ng1f3 d5
7.Bc4b5 Ng8f6
8.Nf3e5 Qd8c7
9.Ne5xc6 bxc6
10.Bb5e2 Nf6xe4
11.g3 O-O
12.Nb1c3 Be7c5
13.Qe3f4 Bc5xf2
14.Kf1 Qc7xf4
15.Bc1xf4 Ne4xc3
16.bxc3 Bf2c5
17.Ra1b1  { time }
1-0

[Event "Tourn. n8595"]
[Site "www.chess-mail.com"]
[Date "2016.02.28"]
[Round "1"]
[White "Jjmcbride"]
[Black "Subh"]
[WhiteElo "1450"]
[BlackElo "1100"]
[Result "1-0"]
[Round "1"]
1.e4 d6
2.d4 Ng8f6
3.f3 b6
4.d5 Bc8a6
5.Ng1e2 g6
6.c3 Bf8g7
7.Qd1a4 Qd8d7
8.Qa4c2 O-O
9.c4 Nf6e8
10.Ne2f4 c6
11.Bf1d3 cxd5
12.Nf4xd5 Nb8c6
13.Qc2a4 Ba6b7
14.O-O Ra8c8
15.Qa4c2 Nc6e5
16.b3  { time }
1-0

[Event "Tourn. n8626"]
[Site "www.chess-mail.com"]
[Date "2016.02.28"]
[Round "1"]
[White "Rons"]
[Black "Masteratches"]
[WhiteElo "2590"]
[BlackElo "2580"]
[Result "1/2-1/2"]
[Round "1"]
1.e4 e5
2.Ng1f3 Nb8c6
3.Bf1b5 a6
4.Bb5a4 Ng8f6
5.O-O Bf8e7
6.Rf1e1 b5
7.Ba4b3 d6
8.c3 O-O
9.h3 Nc6b8
10.d4 Nb8d7
11.Nb1d2 Bc8b7
12.Bb3c2 Rf8e8
13.Nd2f1 Be7f8
14.Nf1g3 g6
15.a4 c5
16.d5 c4
17.Bc1g5 Nd7c5
18.Qd1d2 Bf8e7
19.Bg5h6 Nf6d7
20.Nf3h2 Nc5xa4
21.Bc2xa4 bxa4
22.Ra1xa4 a5
23.Nh2g4 Bb7a6
24.Bh6e3 Be7f8
25.Be3g5 f6
26.Bg5e3 Ba6b5
27.Ra4a3 a4
28.Re1d1 Ra8b8
29.Qd2e2 Rb8b7
30.Rd1e1 Bf8g7
{ draw }
1/2-1/2

[Event "Tourn. n8551"]
[Site "www.chess-mail.com"]
[Date "2016.02.28"]
[Round "1"]
[White "Tartan"]
[Black "Yangqi"]
[WhiteElo "2380"]
[BlackElo "2620"]
[Result "0-1"]
[Round "1"]
1.d4 f5
2.Ng1f3 e6
3.g3 Ng8f6
4.Bf1g2 d6
5.O-O Bf8e7
6.c4 O-O
7.b3 Nf6e4
8.Bc1b2 Be7f6
9.Nf3d2 d5
10.Nd2xe4 dxe4
11.e3 c5
12.Nb1a3 Nb8c6
13.Na3c2 Rf8f7
14.Qd1d2 Rf7d7
15.Ra1d1 cxd4
16.exd4 Nc6xd4
17.Nc2xd4 Bf6xd4
18.Bb2xd4 e5
19.Bd4c3 Rd7xd2
20.Rd1xd2 Qd8e7
21.Rf1d1 Kf7
22.Rd2d8 Qe7a3
23.Rd1a1 b6
24.Bg2h3 g6
25.Bh3g2 a5
26.Bc3xe5 Qa3e7
27.Rd8d5 Bc8b7
28.Be5d6 Qe7f6
29.Rd5d1 g5
30.Ra1c1 Ra8d8
31.Bd6c7 Rd8d4
32.h4 gxh4
33.gxh4 Ke8
34.h5 Rd4d3
35.Rd1e1 Kd7
36.Bc7f4 Qf6h4
{ resign }
0-1

[Event "Tourn. n8622"]
[Site "www.chess-mail.com"]
[Date "2016.02.28"]
[Round "1"]
[White "Biggles"]
[Black "Bjonil60"]
[WhiteElo "2000"]
[BlackElo "1340"]
[Result "1-0"]
[Round "1"]
1.e4 Nb8c6
2.Ng1f3 e6
3.d4 a6
4.Nb1c3 d6
5.Bf1d3 Ng8e7
6.Bc1g5 f6
7.Bg5e3 e5
8.d5 Nc6a7
9.Nf3h4 g5
10.Qd1h5 Ne7g6
11.Nh4xg6 Bf8g7
12.Ng6xh8 Kf8
13.Qh5f7 
1-0

[Event "Tourn. n8629"]
[Site "www.chess-mail.com"]
[Date "2016.02.28"]
[Round "1"]
[White "Cal"]
[Black "Ranjachess"]
[WhiteElo "1650"]
[BlackElo "1690"]
[Result "0-1"]
[Round "1"]
1.d4 d5
2.h3 Nb8c6
3.e3 e6
4.a3 e5
5.dxe5 Nc6xe5
6.Nb1c3 Bc8e6
7.Bf1d3 d4
8.exd4 Ne5c6
9.Ng1f3 Nc6xd4
10.Bc1e3 Bf8c5
11.Be3xd4 Bc5xd4
12.Nf3e5 Bd4xe5
13.O-O a6
14.Nc3e4 Be5xb2
15.Ra1b1 Bb2xa3
16.Rb1xb7 Be6d5
17.Rb7b1 Bd5xe4
18.Rf1e1 f5
19.Qd1h5 Kf8
20.Bd3xe4 Ng8f6
21.Qh5xf5 g6
22.Qf5f3 Ra8a7
23.Qf3xa3 Kg7
24.Qa3c3 Rh8e8
25.f3 h5
26.Re1d1 Qd8e7
27.Qc3d4 c5
28.Qd4c4 Nf6xe4
29.fxe4 Qe7xe4
30.Qc4xc5 Qe4e3
31.Qc5xe3 Re8xe3
32.Rd1d3 Ra7e7
33.Rb1b6 a5
34.Rd3xe3 Re7xe3
35.Rb6b5 a4
36.Rb5b2 Re3e1
37.Kf2 Re1a1
38.c4 a3
39.Rb2c2 a2
40.Kg3 Kf6
41.Kf3 Ra1f1
42.Kg3 a1Q
43.Rc2e2 Qa1c3
44.Kh2 Qc3xc4
45.Re2e3 h4
46.Re3f3 Rf1xf3
47.gxf3 Qc4e2
{ resign }
0-1

[Event "Tourn. n8542"]
[Site "www.chess-mail.com"]
[Date "2016.02.28"]
[Round "1"]
[White "Obisporey"]
[Black "Gimmyg"]
[WhiteElo "2600"]
[BlackElo "2450"]
[Result "0-1"]
[Round "1"]
1.e4 e6
2.d4 d5
3.Nb1c3 Ng8f6
4.e5 Nf6d7
5.f4 c5
6.Ng1f3 Nb8c6
7.Bc1e3 a6
8.Qd1d2 b5
9.dxc5 Bf8xc5
10.Bf1d3 Qd8b6
11.Be3xc5 Nd7xc5
12.Qd2f2 O-O
13.O-O Ra8b8
14.Nc3e2 Nc6b4
15.Rf1d1 Bc8d7
16.Ne2d4 Rf8c8
17.Qf2e3 Nc5a4
18.Rd1b1 h6
19.a3 Nb4xd3
20.Qe3xd3 a5
21.Qd3e3 b4
22.Nf3d2 Qb6a7
23.Nd2b3 Rc8c4
24.Ra1a2 Qa7b6
25.axb4 Rc4xb4
26.Rb1d1 Bd7b5
27.Rd1a1 Na4xb2
28.Ra2xb2 a4
29.Qe3d2 Bb5c4
30.Qd2f2 Bc4xb3
31.Ra1d1 Bb3c4
32.Rb2xb4 Qb6xb4
33.Nd4c6 Qb4b1
34.Qf2d4 a3
35.Nc6xb8 a2
36.Qd4a1 Qb1xb8
37.Kh1 Qb8a8
38.Qa1d4 Qa8b8
39.Rd1e1 Qb8b1
40.Qd4d1 Qb1b2
41.Qd1c1 Qb2d4
42.Re1d1 Qd4f2
{ resign }
0-1

[Event "Tourn. n8542"]
[Site "www.chess-mail.com"]
[Date "2016.02.28"]
[Round "1"]
[White "Gimmyg"]
[Black "Nimzo"]
[WhiteElo "2440"]
[BlackElo "2830"]
[Result "0-1"]
[Round "1"]
1.e4 e6
2.Bf1c4 d5
3.exd5 exd5
4.Bc4b3 Ng8f6
5.Nb1c3 d4
6.Qd1e2 Bf8e7
7.Nc3e4 Nf6xe4
8.Qe2xe4 O-O
9.d3 Rf8e8
10.Kf1 a5
11.a4 Nb8c6
12.Qe4f4 Be7f6
13.Ng1f3 Bc8e6
14.Bb3xe6 Re8xe6
15.Bc1d2 Nc6e7
16.Qf4g4 Qd8d7
17.h3 Ra8e8
18.Bd2xa5 Ne7d5
19.Kg1 g6
20.Ba5d2 h5
21.Qg4g3 Re6e2
22.b3 Qd7c6
23.Ra1c1 Nd5c3
24.Bd2xc3 dxc3
25.a5 Re2d2
26.Kh2 Re8e2
27.Rh1f1 Rd2xc2
28.Rc1xc2 Re2xc2
29.Nf3e5 Qc6d5
30.Ne5c4 Rc2e2
31.d4 Bf6xd4
32.Qg3d3 Re2d2
33.Qd3g3 h4
34.Qg3xh4 Rd2e2
35.Qh4g3 c2
36.Qg3g4 Re2xf2
37.Rf1e1 b5
{ resign }
0-1

[Event "Match"]
[Site "www.echecsemail.com"]
[Date "2016.02.28"]
[Round "1"]
[White "Redabond"]
[Black "Norwich"]
[WhiteElo "1600"]
[BlackElo "1630"]
[Result "1-0"]
[Round "1"]
1.d4 d5
2.Nb1c3 Ng8f6
3.Bc1f4 c6
4.Ng1f3 g6
5.g3 Bf8g7
6.e3 O-O
7.Bf1d3 Bc8g4
8.h3 Bg4xf3
9.Qd1xf3 Nb8d7
10.O-O-O Qd8a5
11.Kb1 b5
12.a3 b4
13.Nc3a2 bxa3
14.b3 Rf8e8
15.e4 dxe4
16.Bd3xe4 Nf6xe4
17.Qf3xe4 c5
18.dxc5 Nd7xc5
19.Qe4c4 e5
20.Bf4e3 Re8c8
21.Rd1d5 Bg7f8
22.Rd5xc5 Rc8xc5
23.Be3xc5 Qa5xc5
24.Qc4xc5 Bf8xc5
25.f3 Bc5d4
26.Na2b4 a5
27.Nb4c6 Ra8a6
28.Nc6xd4 exd4
29.Ka2 Ra6c6
30.Kxa3 Rc6xc2
31.Rh1d1 Rc2c3
32.Rd1xd4 Rc3xf3
33.Rd4a4 Rf3xg3
34.h4 f5
35.Ra4xa5 Rg3g4
36.Ra5a8 Kg7
37.Ra8a7 Kh6
38.b4 Rg4xh4
39.b5 Rh4h3
40.Kb4 Rh3h1
41.b6 Rh1b1
42.Kc5 g5
43.b7 g4
44.Ra7a6 Kg5
45.Ra6b6 Rb1c1
46.Kd4 Rc1d1
47.Ke3 Rd1d8
48.b8Q Rd8xb8
49.Rb6xb8 h5
50.Rb8g8 Kh6
51.Kf4 { resign }
1-0

[Event "Match"]
[Site "www.echecsemail.com"]
[Date "2016.02.28"]
[Round "1"]
[White "Pariolinius"]
[Black "Genius7"]
[WhiteElo "2040"]
[BlackElo "2150"]
[Result "0-1"]
[Round "1"]
1.d4 g6
2.e4 Bf8g7
3.Ng1f3 d6
4.Nb1c3 Ng8f6
5.h3 O-O
6.Bf1e2 a6
7.O-O b5
8.a3 Bc8b7
9.d5 c6
10.Bc1e3 cxd5
11.exd5 Nb8d7
12.Ra1b1 Ra8c8
13.Qd1d2 Nd7b6
14.b3 Nb6xd5
15.Nc3xd5 Nf6xd5
16.Be3g5 Nd5c3
17.Rb1c1 Nc3xe2
18.Qd2xe2 Rf8e8
19.Rc1d1 h6
20.Bg5e3 Qd8c7
21.Nf3e1 Qc7c6
22.f3 Re8d8
23.Qe2f2 h5
24.Be3d4 Bg7xd4
25.Rd1xd4 Qc6c5
26.Rd4d2 Qc5xf2
27.Rf1xf2 d5
28.Ne1d3 e6
29.Nd3e5 Rc8c7
30.Rf2f1 Rd8c8
31.Rf1c1 Rc7c3
32.Ne5d7 Rc8c7
33.Nd7e5 Rc3xb3
34.Ne5d3 Rb3xa3
35.Nd3b2 e5
36.Rd2d1 d4
37.Nb2d3 f6
38.Nd3f2 Kf7
39.Nf2e4 Bb7xe4
40.fxe4 b4
{ resign }
0-1

[Event "Match"]
[Site "www.echecsemail.com"]
[Date "2016.02.28"]
[Round "1"]
[White "Badshahc"]
[Black "Coraza"]
[WhiteElo "2099"]
[BlackElo "1680"]
[Result "0-1"]
[Round "1"]
1.a3 e5
2.d3 Ng8f6
3.Ng1f3 Nb8c6
4.g3 Bf8c5
5.Bf1g2 Qd8e7
6.Nb1c3 Nf6g4
7.Nc3e4 d5
8.Ne4xc5 Qe7xc5
9.O-O Bc8f5
10.h3 Ng4f6
11.Bc1e3 d4
12.Be3g5 O-O-O
13.Qd1d2 Rd8d6
14.b4 Qc5c3
15.Qd2xc3 dxc3
16.Bg5e3 h6
17.Be3c5 Rd6d8
18.b5 Nc6a5
 { time }
0-1

[Event "Match"]
[Site "www.echecsemail.com"]
[Date "2016.02.28"]
[Round "1"]
[White "Guidom"]
[Black "Ztornad"]
[WhiteElo "2100"]
[BlackElo "1700"]
[Result "1-0"]
[Round "1"]
1.e4 e5
2.Ng1f3 d6
3.Bf1c4 Bc8e6
4.Bc4xe6 fxe6
5.c4 Nb8c6
6.d3 h6
7.Nb1c3 Nc6d4
8.Bc1e3 Nd4xf3
9.Qd1xf3 Qd8f6
10.Qf3g3 b6
11.O-O O-O-O
12.f4 exf4
13.Rf1xf4 Qf6e7
14.Ra1f1 Ng8f6
15.Qg3g6 Qe7e8
16.Qg6xe8 Rd8xe8
17.b4 d5
18.e5 Nf6h5
19.Rf4f7 dxc4
20.dxc4 Bf8e7
21.c5 g5
22.a3 g4
23.cxb6 cxb6
24.Nc3b5 Kb8
25.Rf1d1 Be7g5
26.Be3xg5 hxg5
27.Rd1d7 a6
28.Rd7b7 Ka8
29.Rb7a7 Kb8
30.Rf7b7 Kc8
31.Nb5d6 Kd8
32.Rb7d7 
1-0

[Event "Match"]
[Site "www.echecsemail.com"]
[Date "2016.02.28"]
[Round "1"]
[White "Badshahc"]
[Black "Ericleo1980"]
[WhiteElo "1799"]
[BlackElo "2370"]
[Result "0-1"]
[Round "1"]
1.e4 c5
2.Nb1c3 d6
3.g3 g6
4.Bf1g2 Bf8g7
5.d3 Nb8c6
6.Bc1e3 e6
7.Qd1d2 Ng8e7
8.Be3h6 O-O
9.Bh6xg7 Kxg7
10.Ng1e2 a6
11.a4 d5
12.exd5 exd5
13.h4 h5
14.O-O-O b5
15.Ne2f4 d4
 { time }
0-1

[Event "Match"]
[Site "www.echecsemail.com"]
[Date "2016.02.28"]
[Round "1"]
[White "Duff"]
[Black "Darknight"]
[WhiteElo "1920"]
[BlackElo "1630"]
[Result "1-0"]
[Round "1"]
1.e4 e5
2.Ng1f3 d6
3.d4 exd4
4.Nf3xd4 h6
5.Nb1c3 a6
6.Bf1e2 c5
7.Nd4f3 Ng8f6
8.O-O g5
9.Rf1e1 Bc8g4
10.h3 Bg4e6
11.e5 Nf6h7
12.Bc1e3 d5
13.Be3d2 d4
14.Nc3e4 g4
15.hxg4 Be6xg4
16.Nf3xd4 Bg4xe2
17.Nd4xe2 Nb8c6
18.Bd2c3 Qd8h4
19.Ne2g3 Nh7g5
20.Ne4xg5 hxg5
21.e6 Rh8h7
22.Qd1d7 
1-0

[Event "Eq:La Taverne-Team USA : "]
[Site "www.chess-mail.com"]
[Date "2016.02.28"]
[Round "1"]
[White "Uji40"]
[Black "Terrible"]
[WhiteElo "1930"]
[BlackElo "2240"]
[Result "0-1"]
[Round "1"]
1.e4 e5
2.Ng1f3 Nb8c6
3.Bf1b5 a6
4.Bb5xc6 dxc6
5.O-O f6
6.d4 exd4
7.Nf3xd4 c5
8.Nd4b3 Qd8xd1
9.Rf1xd1 Bc8g4
10.f3 Bg4d7
11.Nb1c3 O-O-O
12.Nc3e2 g5
13.Ne2g3 b6
14.Bc1e3 Ng8h6
15.h3 Bf8d6
16.Ng3h5 Rh8f8
17.g4 Nh6g8
18.Kg2 Ng8e7
19.f4 h6
20.f5 Bd6e5
21.Ra1b1 Bd7c6
22.Kf3 Rd8xd1
23.Rb1xd1 Be5xb2
24.Nh5g7 Rf8d8
25.Rd1xd8 Kxd8
26.Nb3d2 Kd7
27.Nd2c4 Bb2c3
28.Be3d2 Bc3xd2
29.Nc4xd2 b5
30.Ng7h5 Ne7g8
31.Nh5g7 c4
32.c3 Kd6
33.Nd2f1 Ke5
34.Nf1d2 Ng8e7
35.Ng7e6 Kd6
36.a3 Bc6d7
37.Ne6f8 Bd7c8
38.Nf8h7 Ne7g8
39.Nh7f8 Kc5
40.Nd2f1 a5
41.Nf8g6 b4
42.cxb4 axb4
43.axb4 Kxb4
44.Nf1d2 c3
45.Ke3 c2
{ resign }
0-1

[Event "Tourn. n8527"]
[Site "www.chess-mail.com"]
[Date "2016.02.29"]
[Round "1"]
[White "Xkafi"]
[Black "Emiondi"]
[WhiteElo "2020"]
[BlackElo "2199"]
[Result "0-1"]
[Round "1"]
1.e4 e5
2.Bf1c4 Ng8f6
3.d3 Bf8c5
4.h3 Nb8c6
5.c3 d6
6.Bc1g5 O-O
7.h4 h6
8.Bg5xf6 Qd8xf6
9.Qd1f3 a5
10.Qf3xf6 gxf6
11.Nb1d2 f5
12.Ng1e2 f4
13.g3 fxg3
14.Ne2xg3 Kh7
15.Nd2f3 f5
16.Ng3xf5 Bc8xf5
17.exf5 Rf8xf5
18.Ke2 Ra8f8
19.Bc4d5 Kh8
20.Ra1g1 Nc6e7
21.Bd5xb7 d5
22.Rg1g3 c6
23.b3 e4
24.dxe4 dxe4
25.Nf3d4 Bc5xd4
26.cxd4 Rf5xf2
27.Ke1 Rf2xa2
28.Rh1g1 Ra2a1
29.Ke2 Ra1xg1
30.Rg3xg1 Rf8b8
31.Bb7a6 Rb8xb3
32.Rg1a1 Ne7f5
33.Ra1xa5 Nf5xd4
34.Kd2 e3
35.Kc1 Rb3c3
36.Kd1 c5
37.Ba6e2 Nd4b3
38.Ra5a8 Kg7
39.Be2h5 Rc3c4
40.Ra8a7 Kf6
41.Ke2 Rc4c3
42.Ra7f7 Ke6
43.Rf7f3 Nb3c1
44.Ke1 Ke5
45.Bh5g6 c4
46.h5 Nc1d3
47.Kd1 Nd3f4
48.Rf3xf4 Kxf4
49.Ke2 Rc3a3
50.Bg6h7 Ra3a2
51.Kd1 e2
52.Ke1 Ke3
{ resign }
0-1

[Event "Tourn. n8608"]
[Site "www.chess-mail.com"]
[Date "2016.02.29"]
[Round "1"]
[White "Umzi"]
[Black "Genius7"]
[WhiteElo "2210"]
[BlackElo "2200"]
[Result "1/2-1/2"]
[Round "1"]
1.e4 c5
2.Ng1f3 Nb8c6
3.Bf1b5 g6
4.Bb5xc6 bxc6
5.O-O Bf8g7
6.c3 d6
7.d3 Qd8c7
8.Bc1f4 e5
9.Bf4e3 Ng8e7
10.Qd1d2 Ra8b8
11.Nb1a3 O-O
12.Be3h6 Bc8g4
13.Bh6xg7 Kxg7
14.Nf3e1 Bg4e6
15.c4 f5
16.exf5 Ne7xf5
17.b3 Nf5d4
18.Na3c2 Rf8f7
19.h4 Rb8f8
20.h5 Rf7f4
21.Nc2xd4 cxd4
22.h6 Kg8
23.g3 Rf4f7
24.Ne1g2 Be6h3
25.f4 Bh3xg2
26.Kxg2 Qc7d7
27.Rf1f2 Qd7g4
28.Ra1f1 exf4
29.Rf2xf4 Rf7xf4
30.Rf1xf4 Rf8xf4
31.Qd2xf4 Qg4e2
{ draw }
1/2-1/2

[Event "Tourn. n8647"]
[Site "www.chess-mail.com"]
[Date "2016.02.29"]
[Round "1"]
[White "Daquata"]
[Black "Caspito"]
[WhiteElo "1630"]
[BlackElo "1690"]
[Result "1/2-1/2"]
[Round "1"]
1.e4 e5
2.Ng1f3 Nb8c6
3.Bf1c4 h6
4.d4 exd4
5.Nf3xd4 Bf8c5
6.Bc1e3 d6
7.Nb1c3 Bc8e6
8.Nd4xe6 fxe6
9.Qd1h5 Kf8
10.Be3xc5 dxc5
11.Qh5xc5 Qd8e7
12.Qc5b5 Ra8b8
13.O-O-O a6
14.Qb5h5 Ng8f6
15.Qh5h3 Rb8e8
16.f4 g6
17.f5 exf5
18.exf5 g5
19.Nc3d5 Nf6xd5
20.Bc4xd5 Qe7f6
21.Rh1e1 Re8xe1
22.Rd1xe1 Kg7
23.Re1e6 Qf6d4
24.Re6g6 Kf8
25.Bd5xc6 bxc6
26.Rg6xh6 Qd4f4
27.Kd1 Qf4d4
28.Kc1 Qd4f4
29.Kd1 Qf4d4
{ draw }
1/2-1/2

[Event "Tourn. n8638"]
[Site "www.chess-mail.com"]
[Date "2016.02.29"]
[Round "1"]
[White "Koumaak"]
[Black "Paul30"]
[WhiteElo "1499"]
[BlackElo "1689"]
[Result "0-1"]
[Round "1"]
1.e3 e5
2.d4 e4
3.f3 f5
4.fxe4 Qd8h4
5.g3 Qh4xe4
6.Ng1f3 b6
7.Bf1d3 Qe4c6
8.Bd3xf5 Bc8b7
9.Nb1d2 Ng8f6
10.b3 Bf8b4
11.Rh1f1 Bb7a6
12.Nf3e5 Qc6c3
13.Ra1b1 Ba6xf1
14.Kxf1 Rh8f8
15.a3 Bb4e7
16.Bc1b2 Qc3xe3
17.Bf5xh7 Nf6xh7
18.Nd2f3 d6
19.Bb2c1 Rf8xf3
20.Kg2 Rf3f2
21.Kh3 Nh7g5
22.Kh4 Rf2xh2
23.Kg4 Qe3e4
24.Bc1f4 dxe5
25.dxe5 Nb8d7
26.Qd1f1 Nd7xe5
{ resign }
0-1

[Event "Tourn. n8640"]
[Site "www.chess-mail.com"]
[Date "2016.02.29"]
[Round "1"]
[White "Elogic"]
[Black "Attatroll"]
[WhiteElo "1820"]
[BlackElo "2020"]
[Result "0-1"]
[Round "1"]
1.e4 c5
2.Ng1f3 Nb8c6
3.Bf1c4 e6
4.c3 Ng8f6
5.d3 a6
6.Bc1e3 Nf6g4
7.Be3f4 e5
8.Bf4g3 d6
9.Bg3h4 Bf8e7
10.Bh4xe7 Qd8xe7
11.h3 Ng4f6
12.Nf3g5 O-O
13.Qd1b3 Nc6a5
14.Qb3a4 Na5xc4
15.Qa4xc4 b5
16.Qc4b3 h6
17.Ng5f3 Bc8e6
18.c4 Ra8b8
19.Qb3c2 b4
20.b3 Nf6h5
21.Nb1d2 Nh5f4
22.g4 Nf4g2
23.Kf1 Ng2f4
24.a3 a5
25.axb4 axb4
26.Ke1 Rb8a8
27.Ra1xa8 Rf8xa8
28.Qc2b2 Nf4xd3
{ resign }
0-1

[Event "Tourn. n8608"]
[Site "www.chess-mail.com"]
[Date "2016.02.29"]
[Round "1"]
[White "Elogic"]
[Black "Fkarpov"]
[WhiteElo "2230"]
[BlackElo "2110"]
[Result "0-1"]
[Round "1"]
1.e3 e6
2.c4 Ng8f6
3.a3 d5
4.Nb1c3 Bf8e7
5.Ng1f3 O-O
6.d4 Nf6e4
7.Nc3xe4 dxe4
8.Nf3e5 f6
9.Ne5g4 h5
10.Ng4h6 gxh6
11.Qd1xh5 Kh7
12.f3 exf3
13.e4 f2
14.Kxf2 Qd8xd4
15.Bc1e3 Qd4xe4
16.Qh5xh6 Kg8
17.Ra1d1 Qe4h7
18.Bf1d3 Qh7xh6
19.Be3xh6 Rf8d8
20.Rh1e1 e5
21.Re1e3 Be7c5
22.Bd3h7 Kxh7
23.Rd1xd8 Nb8c6
24.Rd8d5 Bc5d4
25.g4 Kxh6
26.Rd5xd4 exd4
27.Re3e8 Nc6e5
28.h3 Ne5xc4
29.Kf3 b6
30.Kf4 Bc8b7
31.Re8e6 Ra8f8
32.h4 d3
33.Re6e1 Nc4xb2
{ resign }
0-1

[Event "Tourn. n8558"]
[Site "www.chess-mail.com"]
[Date "2016.02.29"]
[Round "1"]
[White "Seger"]
[Black "Szustan"]
[WhiteElo "2740"]
[BlackElo "2720"]
[Result "1-0"]
[Round "1"]
1.c4 e5
2.Nb1c3 Nb8c6
3.g3 Ng8f6
4.Bf1g2 Bf8b4
5.Nc3d5 Bb4c5
6.e3 O-O
7.Ng1e2 d6
8.O-O a6
9.b3 Bc8g4
10.h3 Bg4d7
11.d4 Bc5a7
12.Bc1b2 exd4
13.Nd5xf6 Qd8xf6
14.exd4 Ra8e8
15.Kh2 Qf6d8
16.Qd1d2 Nc6e7
17.Bg2xb7 c6
18.d5 Bd7xh3
19.dxc6 Bh3xf1
20.Ra1xf1 Ne7g6
21.Bb7xa6 h6
22.Ba6b7 f5
23.f4 Re8e6
24.c7 Qd8xc7
25.Bb7d5 Rf8e8
26.Ne2d4 Ba7xd4
27.Bb2xd4 Ng6f8
28.Rf1e1 Kh8
29.Bd5xe6 Nf8xe6
30.Bd4f2 Qc7c6
31.Qd2d5 Qc6xd5
32.cxd5 Ne6c7
33.Re1xe8 Nc7xe8
34.b4 Ne8c7
35.a4 { resign }
1-0

[Event "Tourn. n8576"]
[Site "www.chess-mail.com"]
[Date "2016.02.29"]
[Round "1"]
[White "Jpjohnston"]
[Black "Tonino1"]
[WhiteElo "2060"]
[BlackElo "2070"]
[Result "0-1"]
[Round "1"]
1.g3 Ng8f6
2.Bf1g2 g6
3.Ng1f3 Bf8g7
4.d4 O-O
5.O-O d5
6.Bc1f4 c6
7.Bf4e5 Nb8d7
8.Nb1c3 Nd7xe5
9.Nf3xe5 Qd8c7
10.e3 Bc8e6
11.Nc3e2 Nf6g4
12.Ne5xg4 Be6xg4
13.Qd1d3 Bg4f5
14.e4 dxe4
15.Bg2xe4 Bf5xe4
16.Qd3xe4 Ra8d8
17.c3 e5
18.Ra1d1 f5
19.Qe4g2 Rf8e8
20.f3 exd4
21.cxd4 Qc7b6
22.Qg2f2 Qb6xb2
23.a4 Re8xe2
24.Rd1b1 Qb2xd4
25.Qf2xd4 Bg7xd4
26.Kh1 Re2b2
27.Rb1d1 c5
28.Rd1d3 Rd8e8
{ resign }
0-1

[Event "Tourn. n8610"]
[Site "www.chess-mail.com"]
[Date "2016.02.29"]
[Round "1"]
[White "Cal"]
[Black "Mrmoto"]
[WhiteElo "1600"]
[BlackElo "1590"]
[Result "1-0"]
[Round "1"]
1.Ng1f3 Ng8f6
2.Nb1c3 d5
3.d4 h6
4.h3 Nb8c6
5.e3 Bc8f5
6.a3 a6
7.b4 b5
8.Bc1b2 e6
9.Bf1d3 Bf5xd3
10.Qd1xd3 Bf8d6
11.O-O O-O
12.Nc3e2 Qd8e7
13.Ne2g3 Bd6xg3
14.fxg3 Nf6e4
15.Nf3e5 Nc6xe5
16.dxe5 Ne4xg3
17.Rf1f3 Ng3f5
18.e4 Nf5h4
19.Rf3g3 Ra8d8
20.exd5 Nh4f5
21.Rg3g4 Rd8xd5
22.Qd3e2 c5
23.c4 Nf5d4
24.Bb2xd4 Rd5xd4
25.Rg4g3 g5
26.bxc5 Qe7xc5
27.cxb5 Qc5xb5
28.Qe2e3 Rd4f4
29.h4 Qb5b2
30.Ra1e1 Kg7
31.hxg5 Rf4f5
32.gxh6 Kh8
33.Rg3h3 Qb2f2
34.Qe3xf2 Kh7
35.Qf2c2 f6
36.exf6 { resign }
1-0

[Event "Tourn. n8579"]
[Site "www.chess-mail.com"]
[Date "2016.02.29"]
[Round "1"]
[White "Ochoreales"]
[Black "Attatroll"]
[WhiteElo "1960"]
[BlackElo "2000"]
[Result "0-1"]
[Round "1"]
1.e4 c5
2.Ng1f3 Nb8c6
3.d4 cxd4
4.Nf3xd4 a6
5.Nb1c3 g6
6.Bc1e3 Bf8g7
7.Bf1e2 Ng8f6
8.O-O O-O
9.Nd4b3 d6
10.f4 b5
11.Be2f3 Bc8b7
12.Qd1d2 Qd8c7
13.Nc3d5 Nf6xd5
14.exd5 Nc6b8
15.Ra1b1 Nb8d7
16.c3 Nd7b6
17.Nb3a5 Nb6c4
18.Na5xc4 Qc7xc4
19.b3 Qc4xc3
20.Qd2xc3 Bg7xc3
21.Rb1c1 Ra8c8
 { time }
0-1

[Event "Tourn. n8545"]
[Site "www.chess-mail.com"]
[Date "2016.02.29"]
[Round "1"]
[White "Passaroa25"]
[Black "Cal"]
[WhiteElo "1640"]
[BlackElo "1429"]
[Result "1-0"]
[Round "1"]
1.e4 e5
2.Ng1e2 Nb8c6
3.c3 Ng8f6
4.Ne2g3 a6
5.d3 d6
6.Nb1d2 h6
7.Nd2b3 Bf8e7
8.Bf1e2 Bc8e6
9.O-O O-O
10.Bc1d2 b5
11.Qd1b1 Nf6h7
12.Be2f3 a5
13.Qb1c2 a4
14.Nb3c1 f5
15.a3 f4
16.Ng3f5 Be6xf5
17.exf5 Rf8xf5
18.Bf3xc6 Ra8a6
19.Bc6xb5 Ra6a5
20.Bb5xa4 Rf5g5
21.Ba4c6 d5
22.Nc1b3 Ra5a6
23.Bc6b5 Ra6b6
24.a4 Nh7f6
25.f3 Nf6h5
26.Bd2e1 c6
27.Be1h4 Rg5xg2
28.Qc2xg2 Be7xh4
29.Qg2g4 Qd8g5
30.Qg4xg5 Bh4xg5
31.Nb3c5 Nh5f6
32.Bb5a6 d4
33.Ba6c4 Kh7
34.Nc5e6 Rb6xb2
35.Ne6f8 Kh8
36.cxd4 exd4
37.Nf8g6 Kh7
38.Ng6f8 Kh8
39.Nf8e6 Bg5h4
40.Ne6xd4 c5
41.Nd4f5 Nf6d7
42.Nf5xh4 Nd7e5
43.a5 g5
44.Nh4f5 Kh7
45.h4 gxh4
46.Nf5xh4 Ne5c6
47.a6 Kg7
48.a7 Nc6xa7
49.Ra1xa7 Kf6
50.Nh4g2 Kg5
51.Ra7e7 h5
52.Re7e5 Kg6
53.Ng2xf4 Kf6
54.Re5xc5 h4
55.Rc5h5 h3
56.Nf4xh3 Rb2e2
57.Nh3f4 Re2e3
58.Nf4d5 { resign }
1-0

[Event "Tourn. n8522"]
[Site "www.chess-mail.com"]
[Date "2016.02.29"]
[Round "1"]
[White "Roque1"]
[Black "Easychess"]
[WhiteElo "1670"]
[BlackElo "1630"]
[Result "1-0"]
[Round "1"]
1.e4 c5
2.Ng1f3 Nb8c6
3.Bf1b5 e6
4.d4 cxd4
5.Nf3xd4 Qd8b6
6.Bb5xc6 bxc6
7.O-O Ng8f6
8.Nb1c3 Bf8e7
9.Nd4b3 O-O
10.Bc1e3 Qb6c7
11.Qd1d2 d5
12.exd5 exd5
13.Ra1e1 Be7b4
14.a3 Bb4xc3
15.Qd2xc3 Bc8a6
16.Be3c5 Ba6xf1
17.Bc5xf8 Ra8xf8
18.Kxf1 h6
19.Qc3c5 Nf6e4
20.Qc5d4 Rf8d8
21.f3 Ne4f6
22.Nb3c5 Rd8e8
23.Nc5a6 Re8xe1
24.Kxe1 Qc7b6
25.Na6c5 Nf6d7
26.b4 a5
27.c4 axb4
28.cxd5 Qb6xc5
29.Qd4xc5 Nd7xc5
30.axb4 { time. }
1-0

[Event "Tourn. n8642"]
[Site "www.chess-mail.com"]
[Date "2016.02.29"]
[Round "1"]
[White "Amaya"]
[Black "Tonino1"]
[WhiteElo "2040"]
[BlackElo "2140"]
[Result "0-1"]
[Round "1"]
1.d4 Ng8f6
2.e3 g6
3.Bf1d3 Bf8g7
4.Nb1d2 O-O
5.f4 d5
6.Ng1f3 c6
7.O-O Nb8d7
8.c3 Nf6g4
9.Qd1e2 f5
10.Nf3e5 Ng4xe5
11.fxe5 e6
12.Qe2f2 c5
13.Nd2f3 cxd4
14.exd4 Qd8b6
15.Qf2h4 Rf8f7
16.Nf3g5 Nd7f8
17.Ng5xf7 Kxf7
18.b3 Bc8d7
19.Bc1a3 Kg8
20.Ba3c5 Qb6d8
21.Bc5e7 Qd8e8
22.Rf1f3 h6
23.Rf3h3 g5
24.Qh4f2 Qe8xe7
25.Ra1e1 g4
26.Rh3g3 h5
27.h3 h4
28.Rg3e3 Bg7h6
29.Re3e2 gxh3
30.Re2e3 Bh6xe3
31.Re1xe3 hxg2
32.Re3h3 Nf8g6
33.Qf2xg2 Kh7
34.Qg2f3 Ra8h8
35.c4 Bd7c6
36.a4 Qe7g5
37.Kf2 dxc4
{ resign }
0-1

[Event "Tourn. n8615"]
[Site "www.chess-mail.com"]
[Date "2016.02.29"]
[Round "1"]
[White "Cardiff"]
[Black "Badshahc"]
[WhiteElo "2030"]
[BlackElo "2150"]
[Result "1-0"]
[Round "1"]
1.d4 Ng8f6
2.c4 g6
3.Nb1c3 Bf8g7
4.e4 d6
5.h3 O-O
6.Bc1e3 c5
7.dxc5 dxc5
8.Qd1xd8 Rf8xd8
9.Be3xc5  { time }
1-0

[Event "Tourn. n8603"]
[Site "www.chess-mail.com"]
[Date "2016.02.29"]
[Round "1"]
[White "Pariolinius"]
[Black "Guidom"]
[WhiteElo "2010"]
[BlackElo "2100"]
[Result "0-1"]
[Round "1"]
1.d4 d5
2.c4 Ng8f6
3.Nb1c3 c6
4.cxd5 Nf6xd5
5.e4 Nd5xc3
6.bxc3 e5
7.Ng1f3 exd4
8.cxd4 Bf8b4
9.Bc1d2 Qd8a5
10.Bf1e2 Bc8g4
11.O-O Bg4xf3
12.Bd2xb4 Qa5xb4
13.Be2xf3 Qb4e7
14.Rf1e1 O-O
15.Qd1c2 Nb8d7
16.Ra1b1 Nd7b6
17.a4 Ra8b8
18.Rb1b3 Rf8d8
19.Rb3d3 Qe7b4
20.Re1b1 Qb4xa4
21.Qc2c5 Qa4a2
22.Rb1c1 Qa2e6
23.h3 h6
24.Rc1e1 Qe6c4
25.Re1d1 Qc4xc5
26.dxc5 Rd8xd3
27.Rd1xd3 Nb6c4
28.Rd3d4 Nc4e5
29.Bf3d1 Kf8
30.f4 Ne5g6
31.g3 Ke8
32.Bd1b3 Ke7
33.Bb3a2 f6
34.Kf2 Rb8d8
35.Ke3 Rd8xd4
36.Kxd4 Ng6f8
37.f5 Nf8d7
38.Ba2e6 b5
39.Be6xd7 Kxd7
40.Kc3 a5
{ resign }
0-1

[Event "Tourn. n8584"]
[Site "www.chess-mail.com"]
[Date "2016.02.29"]
[Round "1"]
[White "Julian"]
[Black "Orhany24"]
[WhiteElo "2000"]
[BlackElo "2070"]
[Result "0-1"]
[Round "1"]
1.e4 e5
2.Ng1f3 Nb8c6
3.Bf1b5 a6
4.Bb5a4 Ng8f6
5.O-O b5
6.Ba4b3 Bf8e7
7.Rf1e1 d6
8.c3 O-O
9.d4 Nc6a5
10.Bb3c2 Bc8g4
11.h3 Bg4h5
12.Nb1d2 c5
13.Nd2f1 Qd8c7
14.Nf1g3 Bh5g6
15.Nf3h4 Ra8c8
16.Nh4xg6 fxg6
17.Bc1g5 h6
18.Bg5e3 Na5c4
19.Be3c1 cxd4
20.cxd4 Kh8
21.dxe5 dxe5
22.Bc2b3 Rf8d8
23.Qd1f3 Rd8f8
24.Qf3e2 Qc7a5
25.f4 exf4
26.Bc1xf4 Be7c5
27.Kh2 Bc5d4
28.e5 Rf8e8
29.Qe2f3 Nc4xe5
30.Bf4xe5 Bd4xe5
31.Bb3f7 Nf6h5
32.Re1xe5 Re8xe5
33.Bf7xg6 Nh5xg3
34.Kxg3 Re5g5
35.Kh2 Rg5xg6
36.Qf3f5 Rg6c6
37.Ra1f1 Qa5c7
38.Kg1 Rc6f6
{ resign }
0-1

[Event "Tourn. n8623"]
[Site "www.chess-mail.com"]
[Date "2016.02.29"]
[Round "1"]
[White "Duff"]
[Black "Elogic"]
[WhiteElo "1790"]
[BlackElo "1850"]
[Result "1-0"]
[Round "1"]
1.e4 e5
2.Ng1f3 Nb8c6
3.Bf1c4 h6
4.d4 exd4
5.Nf3xd4 Nc6xd4
6.Qd1xd4 b6
7.Qd4d5 Qd8e7
8.Qd5xa8 Qe7b4
9.Nb1d2 Ng8e7
10.O-O Ne7c6
11.Qa8xc8 Ke7
12.Qc8xc7 Kf6
13.Qc7f4 Ke7
14.Qf4xf7 Kd8
15.a3 Qb4c5
16.Nd2b3 { resign }
1-0